Network Analysis and Synthesis (Record no. 594932)
[ view plain ]
| 000 -LEADER | |
|---|---|
| fixed length control field | 00378nam a22001457a 4500 |
| 020 ## - INTERNATIONAL STANDARD BOOK NUMBER | |
| International Standard Book Number | 9788121930550 |
| 040 ## - CATALOGING SOURCE | |
| Transcribing agency | NUST |
| 082 ## - DEWEY DECIMAL CLASSIFICATION NUMBER | |
| Classification number | 621.3 GUP |
| 100 ## - MAIN ENTRY--PERSONAL NAME | |
| Personal name | Gupta, B. R. |
| 9 (RLIN) | 57933 |
| 245 ## - TITLE STATEMENT | |
| Title | Network Analysis and Synthesis |
| 250 ## - EDITION STATEMENT | |
| Edition statement | 4th Edition |
| 260 ## - PUBLICATION, DISTRIBUTION, ETC. | |
| Place of publication, distribution, etc. | New Dehli: |
| Name of publisher, distributor, etc. | S Chand & Company, |
| Date of publication, distribution, etc. | 2013. |
| 650 ## - SUBJECT ADDED ENTRY--TOPICAL TERM | |
| Topical term or geographic name entry element | Network Analysis and Synthesis |
| 9 (RLIN) | 102335 |
| 942 ## - ADDED ENTRY ELEMENTS (KOHA) | |
| Source of classification or shelving scheme | |
| Koha item type | Book |
| Withdrawn status | Lost status | Source of classification or shelving scheme | Damaged status | Not for loan | Permanent Location | Current Location | Shelving location | Date acquired | Total Checkouts | Full call number | Barcode | Date last seen | Price effective from | Koha item type |
|---|---|---|---|---|---|---|---|---|---|---|---|---|---|---|
| College of Electrical & Mechanical Engineering (CEME) | College of Electrical & Mechanical Engineering (CEME) | General Stacks | 06/07/2023 | 621.3 GUP | CEME-48841 | 06/07/2023 | 06/07/2023 | Book | ||||||
| College of Electrical & Mechanical Engineering (CEME) | College of Electrical & Mechanical Engineering (CEME) | General Stacks | 06/07/2023 | 621.3 GUP | CEME-48842 | 06/07/2023 | 06/07/2023 | Book | ||||||
| College of Electrical & Mechanical Engineering (CEME) | College of Electrical & Mechanical Engineering (CEME) | General Stacks | 06/07/2023 | 621.3 GUP | CEME-48843 | 06/07/2023 | 06/07/2023 | Book |
